| 000 | 00574nam a2200205 a 4500 | ||
|---|---|---|---|
| 005 | 20140310183533.0 | ||
| 008 | 111116s19uu xx 00 eng d | ||
| 020 | _a9781848601840 | ||
| 050 |
_aLC 4713.2 _b.W44 2010 |
||
| 100 | _aWheeler, Linda | ||
| 245 |
_aThe ADHD toolkit / _cLinda Wheeler. |
||
| 260 |
_aLondon : _bSage, _c2010. |
||
| 300 |
_a135 p. : _bill. ; _c31 cm. |
||
| 521 | _aEDU | ||
| 650 |
_aAttention-deficit-disordered children _xEducation |
||
| 650 | _aAttention-deficit hyperactivity | ||
| 942 |
_cBK _2lcc _kFOR |
||
| 999 |
_c24662 _d24662 |
||